Statistics for Countries of North America - North to South

Click here to take the quiz!

General Stats

  • This quiz has been taken 113 times
  • The average score is 17 of 23

Answer Stats

Country % Correct
Canada
100%
United States
100%
Mexico
99%
Cuba
89%
Dominican Republic
86%
Bahamas
84%
Haiti
84%
Jamaica
79%
Belize
77%
Honduras
73%
Guatemala
73%
Panama
72%
St. Kitts and Nevis
70%
Antigua and Barbuda
70%
Trinidad and Tobago
69%
Costa Rica
68%
Nicaragua
67%
Grenada
66%
El Salvador
64%
St. Lucia
63%
St. Vincent and the Grenadines
63%
Dominica
62%
Barbados
62%

Score Distribution

Percentile by Number Answered

Percent of People with Each Score

Your Score History

You have not taken this quiz